书目信息 |
| 题名: |
国际共产主义运动史
|
|
| 作者: | ;黑龙江人民出版社 编 | |
| 分册: | 下册 | |
| 出版信息: | 哈尔滨 黑龙江人民出版社 1983 |
|
| 页数: | 465-909页 | |
| 开本: | 19cm | |
| 丛书名: | ||
| 单 册: | ||
| 中图分类: | D1 | |
| 科图分类: | ||
| 主题词: | 国际共产主义运动史 | |
| 电子资源: | ||
| ISBN: | ||
| 000 | 00703nam0 2200241 45 | |
| 001 | 0183005518 | |
| 005 | 20040427143031.9 | |
| 010 | @dCNY1.25 | |
| 091 | @a3093.295 | |
| 100 | @a19950622d1983 em y0chiy0121 ea | |
| 101 | 0 | @achi |
| 102 | @aCN@b230000 | |
| 105 | @ay z 000yy | |
| 106 | @ar | |
| 200 | 10 | @a国际共产主义运动史@Aguo ji gong chan zhu yi yun dong shi@h下册@f黑龙江人民出版社编@FHei Long Jiang Ren Min Chu Ban She Bian |
| 210 | @a哈尔滨@c黑龙江人民出版社@d1983 | |
| 215 | @a465-909页@d19cm | |
| 606 | @a国际共产主义运动史 | |
| 690 | @aD1@v3 | |
| 711 | 02 | @a黑龙江人民出版社@4编 |
| 801 | 0 | @aCN@b上海图书馆@c20040427 |
| 801 | 2 | @aCN@bNLC@c20040427 |
| 905 | @f2@b108894-895@dD1@e13:2 | |
| 国际共产主义运动史.下册/黑龙江人民出版社编.-哈尔滨:黑龙江人民出版社,1983 |
| 465-909页;19cm |
| ISBN :CNY1.25 |
| ● |
| 相关链接 |
|
|
|
|
正题名:国际共产主义运动史
索取号:D1/13:2
 
预约/预借
| 序号 | 登录号 | 条形码 | 馆藏地/架位号 | 状态 | 备注 |
| 1 | 0108894 | 001009615 | 第一借阅区/ [索取号:D1/13:2] | 在馆 | |
| 2 | 0108895 | 001011443 | 密集书库/ [索取号:D1/13:2] | 在馆 | |
| 3 | 0108896 | 001011773 | 第一样本阅览室/ [索取号:D1/13:2] | 在馆 | |
| 4 | 0175225 | 001593029 | 密集书库/ [索取号:D1/13:2] | 在馆 | |
| 5 | 0175226 | 001760286 | 密集书库/ [索取号:D1/13:2] | 在馆 | |
| 6 | 0175227 | 001761748 | 密集书库/ [索取号:D1/13:2] | 在馆 |